| 000 | 00616nam a2200181 i 4500 | ||
|---|---|---|---|
| 001 | 91217 | ||
| 003 | ES-MaACL | ||
| 005 | 20240501063042.0 | ||
| 007 | t| | ||
| 008 | 050128s1934 it ||||1| ita d | ||
| 100 | 1 |
_aLeopardi, Giacomo, _d1798-1837 _971704 |
|
| 245 | 1 | 0 |
_aEpistolario / _cdi Giacomo Leopardi ; nuova edizione ampliata con lettere dei corrispondenti e con note illustrative a cura di Francisco Moroncini. |
| 260 |
_aFirenze : _b[Enrico Ariani], _c1934. |
||
| 300 |
_a2 v. ; _c24 cm. |
||
| 700 | 1 |
_aMoroncini, Francesco. _983643 |
|
| 852 |
_aES-MaACL _jA-3802-4 |
||
| 999 |
_c91217 _d91217 |
||